000 00554nam a2200181 i 4500
001 23181
003 ES-MaACL
005 20231228062551.0
007 t|
008 021209s1971 sp ||||1| spa d
100 1 _aAlonso, Dámaso,
_d1898-1990
_920195
245 1 0 _aDe los Siglos oscuros al de Oro
_b: (notas y artículos a través de 700 años de letras españolas) /
_cDámaso Alonso.
250 _a2ª ed.
260 _a[Madrid] :
_bGredos,
_c[1971]
300 _a293 p. ;
_c20 cm.
852 _aES-MaACL
_jE-5428
_bR.89611
999 _c23181
_d23181